000 00600nam a2200241 a 4500
999 _c5137
_d5137
001 5137
003 BD-JhCC
005 20181214134007.0
008 171209s20042008b |||| || | 000 0 eng d
035 _a(BD-JhCC)5137
040 _aBD-JhCC
_dBD-JhCC
041 _aeng
082 _a425
_bSHA 2008
100 _aShameem, Mehadi
245 _aCue Card IElTS :
_bSpeaking Module /
_c Mehadi Shameem,
250 _a6Th ed.
260 _aDhaka :
_bKhan Book Center,
_c2008.
300 _a202 p. :
_c23 cm.
650 _aGrammar
650 _aEnglish Languge
942 _2ddc
_cBK
_02